000 01609cam a22004814i 4500
003 PE-LiUPU
005 20250731173458.0
008 150616s r 000 0 d
020 _a1850751382
035 _a(Sirsi) i9781850751380
040 _aPE-LiUPU
_bspa
_cPE-LiUPU
_erda
049 _aPRUA
082 0 4 _a221.07
_bJ
_221
100 1 _aBar-Efrat, Shimon,
_eautor.
245 1 0 _aNarrative Art in The Bible /
_cShimon Bar-Efrat.
264 1 _aInglaterra :
_bThe Almond Press,
_c1992.
300 _a295 páginas ;
_c21 centímetros
336 _atext
_2rdacontent
337 _aunmediated
_2rdamedia
338 _avolume
_2rdacarrier
490 0 _aBible and Literature Series ;
_v17
504 _aIncluye bibliografía.
505 0 _aThe narrator -- The characters -- The Plot -- Time and space -- Style -- The narrative of Amnon and Tamar.
526 _aSEG42
526 _aSEG41
526 _aSEG40
526 _aSEG39
526 _aP94
526 _aP87
526 _aP86
526 _aP85
526 _aP77
526 _aP76
526 _aP35
630 _aBiblia.
_pA.T.
_pCrítica narrativa.
910 _ajck
_bjvq
_cjck
942 _2ddc
_cBOOK
949 _a221.07 J
_wDEWEY
_c1
_i40186
_lCCODEBUL1
_mBUL
_r0
_sY
_tBOOK
_u2015-6-16
_xTEOLOGIA
_zUNKNOWN
_0COMPRA
_o.STAFF. Colección General
994 _aC0
_bPEPRU
596 _a1
999 _a221.07 J
_wDEWEY
_c57981
_i40186
_f2021-11-9
_g5
_lCCODEBUL1
_mBUL
_r0
_sY
_tBOOK
_u2015-6-16
_xTEOLOGIA
_zUNKNOWN
_0COMPRA
_o.STAFF. Colección General
_d57981
980 _81
_gALBERTO SANCHEZ Responsable de Automatización